| 000 | 00880nam a2200253 a 4500 | ||
|---|---|---|---|
| 001 | 000023144 | ||
| 005 | 20200930022022.0 | ||
| 008 | 831031s1981 sp 001 f spa d | ||
| 020 | _a2221004485 | ||
| 040 |
_aDO-SdBNP _bspa _cBNPHU |
||
| 082 |
_a843.914 _bL313q |
||
| 100 | 1 |
_aLapierre, Dominique _d1931- _913390 |
|
| 240 | 1 | 3 |
_aLe cinqiéme cavalier. _lEspañol |
| 245 | 1 | 3 |
_aEl quinto jinete / _cDominique Lapierre y Larry Collins; traducción de J. Ferrer Aleu. |
| 260 |
_aBarcelona : _bPlaza & Janés, _c1981. |
||
| 300 |
_a470, [4] p. ; _c18 cm. |
||
| 490 | 1 |
_aLos Jet de Plaza y Janés. _v5 |
|
| 534 |
_aTítulo original: _tLe cinqiéme cavalier. |
||
| 650 | 4 |
_aNovela francesa _91075 |
|
| 650 | 4 |
_aLiteratura francesa _91074 |
|
| 700 | 1 |
_aCollins, Larry, _d1929-2005 . _913391 |
|
| 700 | 1 |
_aAleu, J. Ferrer, _etr. _913392 |
|
| 830 | 0 |
_aLos Jet de Plaza y Janés. _v5 _913394 |
|
| 999 |
_c22641 _d22641 |
||